Agrovision colombia 2025 (Registro nro. 12581)
[ vista simple ]
| 000 -LEADER | |
|---|---|
| fixed length control field | 01399nam a2200253Ia 4500 |
| 003 - CONTROL NUMBER IDENTIFIER | |
| control field | OSt |
| 005 - DATE AND TIME OF LATEST TRANSACTION | |
| control field | 20210923155206.0 |
| 008 - FIXED-LENGTH DATA ELEMENTS--GENERAL INFORMATION | |
| fixed length control field | 210310s2001 ck gr 000 0 spa d |
| 020 ## - INTERNATIONAL STANDARD BOOK NUMBER | |
| International Standard Book Number | 9589328378 |
| 040 0# - CATALOGING SOURCE | |
| Original cataloging agency | CO-JMCR |
| Transcribing agency | CO-JMCR |
| 041 0# - LANGUAGE CODE | |
| Language code of text/sound track or separate title | spa |
| 082 04 - DEWEY DECIMAL CLASSIFICATION NUMBER | |
| Classification number | 338.109861 / |
| Item number | C718a |
| Edition number | 23 |
| 110 2# - MAIN ENTRY--CORPORATE NAME | |
| Corporate name or jurisdiction name as entry element | Colombia. |
| Subordinate unit | Ministerio de Agricultura y Desarrollo Rural |
| 9 (RLIN) | 3550 |
| 245 10 - TITLE STATEMENT | |
| Title | Agrovision colombia 2025 |
| Statement of responsibility, etc. | Ministerio de Agricultura y Desarrollo Rural |
| 260 ## - PUBLICATION, DISTRIBUTION, ETC. | |
| Date of publication, distribution, etc. | 2001 |
| Place of publication, distribution, etc. | Bogotá : |
| Name of publisher, distributor, etc. | Ministerio de Agricultura y desarrollo Rural, |
| 300 ## - PHYSICAL DESCRIPTION | |
| Extent | 139 páginas : |
| Other physical details | ilustraciones y gráficas en blanco y negro ; |
| Dimensions | 23 cm. |
| 490 0# - SERIES STATEMENT | |
| Series statement | Cambio para construir la paz |
| 500 ## - GENERAL NOTE | |
| General note | Incluye anexos y notas a pie de página. |
| 505 0# - FORMATTED CONTENTS NOTE | |
| Formatted contents note | El desarrollo de la agricultura colombiana 1950-2000. -- La agricultura colombiana en la actualidad. -- Tendencias de desarrollo mundial y nacional. -- Patrones internacionales de desempeño de la agricultura. -- Visión de agricultura colombiana 2025. -- Análisis de la brecha. -- Estrategias y políticas para alcanzar la visión. -- Visión de la agricultura colombiana en el año 2010. -- Desempeño de la agricultura y la economía colombiana en agrovisión. |
| 650 14 - SUBJECT ADDED ENTRY--TOPICAL TERM | |
| Topical term or geographic name entry element | Estratégicas políticas |
| General subdivision | Agricultura |
| Geographic subdivision | Colombia |
| 9 (RLIN) | 40762 |
| 650 24 - SUBJECT ADDED ENTRY--TOPICAL TERM | |
| Topical term or geographic name entry element | Desempeño agrícola |
| Geographic subdivision | Colombia |
| 9 (RLIN) | 40763 |
| 650 24 - SUBJECT ADDED ENTRY--TOPICAL TERM | |
| Topical term or geographic name entry element | Desarrollo agrícola |
| Geographic subdivision | Colombia |
| 9 (RLIN) | 8038 |
| 942 ## - ADDED ENTRY ELEMENTS (KOHA) | |
| Source of classification or shelving scheme | Dewey Decimal Classification |
| Koha item type | Books |
| Withdrawn status | Lost status | Source of classification or shelving scheme | Damaged status | Not for loan | Home library | Current library | Shelving location | Date acquired | Source of acquisition | Full call number | Barcode | Date last seen | Copy number | Price effective from | Koha item type | Total Checkouts |
|---|---|---|---|---|---|---|---|---|---|---|---|---|---|---|---|---|
| Dewey Decimal Classification | Biblioteca Pública José María del Castillo y Rada | Biblioteca Pública José María del Castillo y Rada | General Stacks | 04/15/2018 | Doanción | 338.109861 / C718a | 430004908 | 05/16/2024 | Ej.1 | 03/10/2021 | Books | |||||
| Dewey Decimal Classification | Biblioteca Pública José María del Castillo y Rada | Biblioteca Pública José María del Castillo y Rada | General Stacks | 04/15/2018 | Doanción | 338.109861 / C718a | 430004909 | 05/16/2024 | Ej.2 | 03/10/2021 | Books |